00414nam a2200133Ia 4500003000900000008004100009040001600050080003700066100001500103245008200118260004700200300001300247650002000260IN-BaIIA211028s9999 xx 000 0 eng d cIIA Library a52(091) bKAY aKaye,G. R. 0aHindu AstronomycG. R. Kaye  aCalcuttabCentral Publication Branchc1924 aii, 134p aHindu Astronomy